000 00678nam a2200241 a 4500
001 73749
003 BD-RjUL
005 20211209082436.0
008 070608s1981 ii a b 001 0 eng d
035 _a(BD-RjUL)73967
040 _aBD-RjUL
_beng
_cBD-RjUL
_dBD-RjUL
041 _aeng
082 _a 621.3815287
_bBET 1978
_223
100 1 _aBerde,M.S
_942688
245 1 0 _aThyristor engineering/
_bM. S. Berde
250 _a2nd ed.
260 _aDelhi :
_bkhanna publishes,
_cc1981
300 _aiii, 540 p :
_bill ;
_c25 cm
504 _aIncludes bibliographical references and index
650 0 _aThyristors
_942689
942 _cBK
_2ddc
999 _c73749
_d73749